[Event "SR 2. liga A 2015/2016"]
[Site "?"]
[Date "2016.02.14"]
[Round "9.6"]
[White "Fabry, Robert"]
[Black "Bednar, Jan"]
[Result "0-1"]
[WhiteElo "2103"]
[BlackElo "2107"]
[PlyCount "78"]
[EventDate "2015.??.??"]

1. e4 c5 2. Nf3 d6 3. d4 cxd4 4. Nxd4 Nf6 5. Nc3 g6 6. Be2 Bg7 7. Be3 Nc6 8.
O-O O-O 9. f3 a6 10. Qd2 Bd7 11. Rfe1 Rc8 12. Nxc6 Bxc6 13. Nd5 b5 14. Nxf6+
Bxf6 15. Bd4 e5 16. Be3 d5 17. exd5 Qxd5 18. Qxd5 Bxd5 19. c3 Rfd8 20. a4 Bc4
21. axb5 axb5 22. Kf2 Kg7 23. Ra7 Bxe2 24. Kxe2 b4 25. cxb4 Rc2+ 26. Kf1 Rxb2
27. Rb7 h6 28. Bc1 Rc2 29. b5 e4 30. fxe4 Bd4 31. Be3 Bxe3 32. Rxe3 Rd1+ 33.
Re1 Rdd2 34. e5 Rf2+ 35. Kg1 Rxg2+ 36. Kh1 Rxh2+ 37. Kg1 Rcg2+ 38. Kf1 Rh1+ 39.
Kxg2 Rxe1 0-1

[Event "SR 2. liga A 2015/2016"]
[Site "?"]
[Date "2016.02.14"]
[Round "9.6"]
[White "Petrik, Stanislav"]
[Black "Tepper, Frantisek"]
[Result "1/2-1/2"]
[WhiteElo "2134"]
[BlackElo "2117"]
[PlyCount "34"]
[EventDate "2015.??.??"]

1. e4 Nc6 2. d4 e5 3. Nf3 exd4 4. Bc4 d6 5. c3 dxc3 6. Nxc3 Nf6 7. Ng5 Ne5 8.
Bb3 h6 9. f4 Bg4 10. Qd4 c5 11. Qd2 hxg5 12. fxe5 dxe5 13. Qxg5 Rh5 14. Qe3 Qd4
15. O-O Rc8 16. Kh1 Qxe3 17. Bxe3 Bd7 1/2-1/2

[Event "SR 2. liga A 2015/2016"]
[Site "?"]
[Date "2016.02.14"]
[Round "9.6"]
[White "Janos, Jozef"]
[Black "Nemsak, Denis"]
[Result "1-0"]
[WhiteElo "2120"]
[BlackElo "2105"]
[PlyCount "81"]
[EventDate "2015.??.??"]

1. c4 e5 2. Nc3 Nc6 3. e3 f5 4. d4 d6 5. Nf3 e4 6. Nd2 Nf6 7. Be2 g6 8. b4 Bg7
9. b5 Ne7 10. a4 O-O 11. Nb3 Be6 12. O-O Kh8 13. a5 g5 14. a6 b6 15. d5 Bg8 16.
Nd4 Nd7 17. Ra3 Ne5 18. f3 exf3 19. gxf3 f4 20. e4 Qd7 21. Rf2 Qh3 22. Bf1 Qh5
23. h3 Rf6 24. Nb1 Raf8 25. Nd2 Rh6 26. Qc2 g4 27. fxg4 Nxg4 28. N2f3 Nxf2 29.
Kxf2 Qg6 30. Ne2 Nxd5 31. cxd5 Bxd5 32. Nxf4 Qxe4 33. Qxe4 Bxe4 34. Ng5 Be5 35.
Nxe4 Bxf4 36. Rf3 Bxc1 37. Rxf8+ Kg7 38. Rc8 Re6 39. Rxc7+ Kh6 40. Rxc1 Rxe4
41. Rc7 1-0

[Event "SR 2. liga A 2015/2016"]
[Site "?"]
[Date "2016.02.14"]
[Round "9.6"]
[White "Petrik, Karol"]
[Black "Mikulas, Dusan"]
[Result "1/2-1/2"]
[WhiteElo "2110"]
[BlackElo "2060"]
[PlyCount "44"]
[EventDate "2015.??.??"]

1. e4 e5 2. Nf3 Nc6 3. Bb5 g6 4. c3 Bg7 5. Qe2 Nge7 6. O-O O-O 7. h3 d6 8. d3
h6 9. Nh2 f5 10. f4 fxe4 11. dxe4 Kh7 12. fxe5 Nxe5 13. Rxf8 Qxf8 14. Be3 Be6
15. Nd2 Qg8 16. a3 a6 17. Bd3 Rf8 18. Nhf3 Nxd3 19. Qxd3 Nc6 20. Rf1 Ne5 21.
Nxe5 Bxe5 22. Rxf8 Qxf8 1/2-1/2

[Event "SR 2. liga A 2015/2016"]
[Site "?"]
[Date "2016.02.14"]
[Round "9.6"]
[White "Kolman, Richard"]
[Black "Krajnak, Robert"]
[Result "0-1"]
[WhiteElo "2072"]
[BlackElo "2118"]
[PlyCount "72"]
[EventDate "2015.??.??"]

1. d4 Nf6 2. c4 e6 3. a3 c5 4. Nf3 cxd4 5. Nxd4 a6 6. g3 Qc7 7. b3 b6 8. Bg2
Bb7 9. Bxb7 Qxb7 10. O-O Be7 11. Bb2 O-O 12. Nd2 d6 13. Rc1 Nbd7 14. Re1 Rfc8
15. e4 b5 16. cxb5 Rxc1 17. Bxc1 axb5 18. Qe2 b4 19. a4 Rc8 20. Nc4 Nc5 21. e5
dxe5 22. Nxe5 Qd5 23. Ndc6 Bf8 24. Qb5 Qxb3 25. a5 Qc3 26. Qxb4 Qxb4 27. Nxb4
Nb3 28. Nbc6 Nxa5 29. Na7 Rc7 30. Be3 Nd5 31. Nb5 Rb7 32. Nd4 Nb3 33. Rb1 Nc5
34. Rxb7 Nxb7 35. Nc4 Nxe3 36. fxe3 Bc5 {
( necitatelne zapisy, cierny vyhral po 67.tahu )} 0-1

[Event "SR 2. liga A 2015/2016"]
[Site "?"]
[Date "2016.02.14"]
[Round "9.6"]
[White "Helbich, Branislav"]
[Black "Sturc, Jan"]
[Result "0-1"]
[WhiteElo "1986"]
[BlackElo "2058"]
[PlyCount "122"]
[EventDate "2015.??.??"]

1. e4 e5 2. Nf3 Nc6 3. Bb5 f5 4. d3 d6 5. Nc3 Nf6 6. a3 Be6 7. Ng5 Bg8 8. exf5
Qd7 9. Qf3 d5 10. O-O O-O-O 11. Qh3 Re8 12. b4 Bd6 13. Bb2 h6 14. Nf3 g6 15.
fxg6 Be6 16. Qh4 Qg7 17. Bxc6 bxc6 18. b5 Bg4 19. bxc6 Qxg6 20. Ne1 d4 21. Ne4
Nxe4 22. dxe4 Be2 23. Qh3+ Qe6 24. Qxe6+ Rxe6 25. Nd3 Bxf1 26. Kxf1 Be7 27. c3
Rxc6 28. Nxe5 Rb6 29. Nc4 Rc6 30. Ne5 Rb6 31. Nc4 Re6 32. f3 dxc3 33. Bxc3 Rd8
34. Be1 Rc6 35. Ne3 Rd3 36. Nd5 Bxa3 37. Nb4 Bxb4 38. Bxb4 Rb3 39. Bd2 Rb2 40.
Bf4 Rcc2 41. Be3 a5 42. Bxh6 Rf2+ 43. Ke1 Rxg2 44. Kf1 Rxh2 45. Be3 Rhe2 46.
Bd4 Ra2 47. f4 Red2 48. Ke1 Rh2 49. Rxa2 Rxa2 50. e5 Ra4 51. Be3 Re4 52. Kf2 a4
53. Bc1 Rc4 54. Ba3 Rxf4+ 55. Ke3 Rh4 56. Be7 a3 57. Bxh4 a2 58. e6 a1=Q 59. e7
Kd7 60. Kf3 Qd4 61. Bg5 c5 0-1

[Event "SR 2. liga A 2015/2016"]
[Site "?"]
[Date "2016.02.14"]
[Round "9.6"]
[White "Kuna, Vladimir"]
[Black "Goga, Frantisek"]
[Result "1-0"]
[WhiteElo "2003"]
[BlackElo "1975"]
[PlyCount "79"]
[EventDate "2015.??.??"]

1. d4 Nf6 2. Nf3 g6 3. c4 Bg7 4. Nc3 O-O 5. e3 d6 6. Be2 c5 7. d5 Na6 8. O-O
Rb8 9. e4 Bd7 10. Bg5 h6 11. Bh4 g5 12. Bg3 Nh5 13. Qd2 Nxg3 14. fxg3 Bg4 15.
h3 Bxf3 16. gxf3 Qd7 17. Kg2 Nc7 18. f4 gxf4 19. Qxf4 e5 20. Qd2 a6 21. a4 Qe7
22. Rf5 Ne8 23. Raf1 Nf6 24. Qe3 Rbd8 25. Qf2 Rd7 26. Rxf6 Bxf6 27. Qxf6 Qxf6
28. Rxf6 Kg7 29. Rf5 f6 30. a5 Kh7 31. Bg4 Rg7 32. Rh5 Rg5 33. Bf5+ Kg7 34.
Rxg5+ fxg5 35. Na4 Kf6 36. Nb6 Rd8 37. Bc8 h5 38. Bxb7 h4 39. Bxa6 Ke7 40. Bc8
1-0

[Event "SR 2. liga A 2015/2016"]
[Site "?"]
[Date "2016.03.12"]
[Round "10.1"]
[White "Bronis, Marian"]
[Black "Janos, Martin"]
[Result "1/2-1/2"]
[WhiteElo "2123"]
[BlackElo "2231"]
[PlyCount "37"]
[EventDate "2015.??.??"]

1. d4 Nf6 2. c4 c5 3. d5 e5 4. Nc3 d6 5. e4 Be7 6. Bd3 Nbd7 7. Nge2 O-O 8. h3
Re8 9. Be3 Nf8 10. Qd2 a6 11. g4 Ng6 12. Ng3 Nh4 13. O-O-O Ng2 14. Bg5 Nd7 15.
Bxe7 Qxe7 16. Nf5 Qf8 17. g5 Nf4 18. h4 Nb6 19. h5 1/2-1/2

[Event "SR 2. liga A 2015/2016"]
[Site "?"]
[Date "2016.03.12"]
[Round "10.1"]
[White "Biro, Karol"]
[Black "Janos, Jozef"]
[Result "1/2-1/2"]
[WhiteElo "2074"]
[BlackElo "2145"]
[PlyCount "27"]
[EventDate "2015.??.??"]

1. Nf3 Nf6 2. g3 g6 3. Bg2 Bg7 4. O-O O-O 5. d3 d6 6. e4 e5 7. c4 Nc6 8. Nc3
Bg4 9. h3 Bxf3 10. Bxf3 Nd4 11. Be3 c5 12. Bxd4 cxd4 13. Nd5 Nxd5 14. cxd5
1/2-1/2

[Event "SR 2. liga A 2015/2016"]
[Site "?"]
[Date "2016.03.12"]
[Round "10.1"]
[White "Mikulas, Dusan"]
[Black "Petreje, Juraj"]
[Result "1/2-1/2"]
[WhiteElo "2065"]
[BlackElo "2025"]
[PlyCount "24"]
[EventDate "2015.??.??"]

1. d4 Nf6 2. c4 g6 3. Nf3 Bg7 4. Nc3 c5 5. e3 O-O 6. Be2 d6 7. O-O Nbd7 8. b3
b6 9. Bb2 e6 10. h3 Bb7 11. Qc2 cxd4 12. exd4 d5 1/2-1/2

[Event "SR 2. liga A 2015/2016"]
[Site "?"]
[Date "2016.03.12"]
[Round "10.1"]
[White "Mandak, Miroslav"]
[Black "Kolman, Richard"]
[Result "1/2-1/2"]
[WhiteElo "2033"]
[BlackElo "2054"]
[PlyCount "48"]
[EventDate "2015.??.??"]

1. d4 d5 2. Nf3 Nf6 3. Bf4 Bg4 4. e3 e6 5. Nbd2 Be7 6. Be2 O-O 7. O-O c5 8. h3
Bh5 9. c3 Nc6 10. Ne5 Bxe2 11. Qxe2 Rc8 12. Rfd1 Bd6 13. Nxc6 Rxc6 14. Bxd6
Qxd6 15. e4 dxe4 16. Nxe4 Nxe4 17. Qxe4 Qc7 18. dxc5 Rxc5 19. Rd2 Qc6 20. Qxc6
Rxc6 21. Rd7 Rb6 22. b3 f6 23. Rad1 Rf7 24. Rd8+ Rf8 1/2-1/2

[Event "SR 2. liga A 2015/2016"]
[Site "?"]
[Date "2016.03.12"]
[Round "10.1"]
[White "Novacek, Vladimir"]
[Black "Kebis, Milos"]
[Result "1/2-1/2"]
[WhiteElo "2045"]
[BlackElo "1966"]
[PlyCount "50"]
[EventDate "2015.??.??"]

1. d4 Nf6 2. Nf3 d5 3. g3 e6 4. Bg2 c5 5. O-O Nc6 6. a3 cxd4 7. Nxd4 Bd6 8.
Nxc6 bxc6 9. c4 Rb8 10. b4 O-O 11. Qc2 Re8 12. c5 Bf8 13. Nd2 a5 14. Rb1 Ba6
15. Re1 e5 16. e4 g6 17. Qc3 axb4 18. axb4 Bb5 19. exd5 Nxd5 20. Bxd5 Qxd5 21.
Ne4 Bg7 22. Bg5 Re6 23. Rbd1 Qc4 24. Rd6 h6 25. Qxc4 Bxc4 1/2-1/2

[Event "SR 2. liga A 2015/2016"]
[Site "?"]
[Date "2016.03.12"]
[Round "10.1"]
[White "Mikulasek, Viktor"]
[Black "Kuna, Vladimir"]
[Result "1/2-1/2"]
[WhiteElo "1825"]
[BlackElo "2012"]
[PlyCount "30"]
[EventDate "2015.??.??"]

1. e4 c5 2. Nf3 d6 3. d4 cxd4 4. Nxd4 Nf6 5. Nc3 a6 6. Bd3 e6 7. Be3 Qc7 8.
Nde2 Nbd7 9. O-O b5 10. a3 Bb7 11. f3 Ne5 12. Qd2 Be7 13. Rad1 O-O 14. Ng3 Rfd8
15. Kh1 Rac8 1/2-1/2

[Event "SR 2. liga A 2015/2016"]
[Site "?"]
[Date "2016.03.12"]
[Round "10.2"]
[White "Gabris, Ondrej"]
[Black "Valent, Ivan"]
[Result "0-1"]
[WhiteElo "2204"]
[BlackElo "2211"]
[PlyCount "134"]
[EventDate "2015.??.??"]

1. e4 c5 2. d4 cxd4 3. c3 dxc3 4. Nxc3 Nc6 5. Nf3 e6 6. Bc4 d6 7. O-O Be7 8.
Qe2 Nf6 9. Rd1 Bd7 10. Bg5 a6 11. h3 Qc7 12. Rac1 O-O 13. Bb3 h6 14. Bh4 Rfe8
15. Qd2 Qa5 16. Bxf6 Bxf6 17. Qxd6 Red8 18. Qf4 Be8 19. Qe3 Rac8 20. g4 Ne5 21.
Nd4 Rxd4 22. Rxd4 Nf3+ 23. Qxf3 Bxd4 24. Qd3 Rd8 25. Qe2 Bc6 26. Rd1 Be5 27.
Rd3 Rd4 28. Qd2 Qb4 29. f3 g5 30. Kg2 Kg7 31. Rxd4 Bxd4 32. Qd3 Be5 33. Qc4 Qd6
34. Qe2 Bd4 35. Qd3 Qe5 36. a4 b5 37. axb5 axb5 38. Qd2 Qc5 39. Nd1 b4 40. Qc2
Qxc2+ 41. Bxc2 Kf6 42. b3 Ke5 43. Bd3 Bd7 44. Kf1 Kf4 45. Kg2 Bc8 46. Bc4 f5
47. Bd3 fxg4 48. hxg4 Bd7 49. Bc4 e5 50. Nf2 Bxf2 51. Kxf2 Be8 52. Bd3 h5 53.
gxh5 Bxh5 54. Be2 g4 55. fxg4 Bxg4 56. Bd3 Bd1 57. Bc4 Kxe4 58. Ke1 Bg4 59. Kd2
Kd4 60. Bf7 Bf3 61. Bg6 Bd5 62. Bc2 Be6 63. Bd1 e4 64. Bc2 Bf7 65. Bd1 e3+ 66.
Kc2 Bg6+ 67. Kc1 Bd3 0-1

[Event "SR 2. liga A 2015/2016"]
[Site "?"]
[Date "2016.03.12"]
[Round "10.2"]
[White "Privara, Igor"]
[Black "Janos, Ivan"]
[Result "1-0"]
[WhiteElo "2144"]
[BlackElo "2045"]
[PlyCount "63"]
[EventDate "2015.??.??"]

1. e4 c5 2. c3 Nf6 3. e5 Nd5 4. Nf3 Nc6 5. Bc4 Nb6 6. Bb3 d5 7. exd6 e6 8. d4
cxd4 9. cxd4 Bxd6 10. O-O Nd5 11. Nc3 O-O 12. Re1 Be7 13. a3 Nxc3 14. bxc3 Bf6
15. Qd3 Qa5 16. h4 Qh5 17. Bg5 Bxg5 18. hxg5 b6 19. Re4 Ne7 20. Rh4 Qg6 21. Qd2
f6 22. gxf6 Rxf6 23. Ne5 Qe8 24. Re1 Nf5 25. Rh3 Bb7 26. d5 Rd8 27. Rd3 Qb5 28.
Bc4 Qc5 29. dxe6 Rxd3 30. e7+ Qxc4 31. e8=Q+ Rf8 32. Nxc4 1-0

[Event "SR 2. liga A 2015/2016"]
[Site "?"]
[Date "2016.03.12"]
[Round "10.2"]
[White "Michal, Silvio"]
[Black "Jancovic, Peter"]
[Result "0-1"]
[WhiteElo "2103"]
[BlackElo "2197"]
[PlyCount "74"]
[EventDate "2015.??.??"]

1. c4 e5 2. Nc3 Nf6 3. Nf3 Nc6 4. g3 Bc5 5. Bg2 d6 6. O-O a5 7. d3 h6 8. b3 O-O
9. Bb2 Bf5 10. Qd2 Qd7 11. Nd5 Nxd5 12. cxd5 Ne7 13. d4 Bb4 14. Qd1 Nxd5 15.
Rc1 e4 16. Nh4 a4 17. Nxf5 Qxf5 18. bxa4 c6 19. Qb3 Ra6 20. f3 e3 21. f4 Bd2
22. Bxd5 Qxd5 23. Qxd5 cxd5 24. Rc7 Rxa4 25. Ra1 b5 26. a3 Rb8 27. Rd1 Rc4 28.
Rd7 Rb6 29. Kg2 Rc2 30. Rb1 f5 31. h3 Kh7 32. Kf3 b4 33. Ba1 b3 34. Bb2 Bc3 35.
Bc1 Bxd4 36. Bxe3 Bxe3 37. Kxe3 b2 0-1

[Event "SR 2. liga A 2015/2016"]
[Site "?"]
[Date "2016.03.12"]
[Round "10.2"]
[White "Cambel, Vladimir"]
[Black "Gazi, Mikulas"]
[Result "1-0"]
[WhiteElo "2058"]
[BlackElo "2044"]
[PlyCount "57"]
[EventDate "2015.??.??"]

1. Nf3 c5 2. c4 Nf6 3. g3 g6 4. Bg2 Bg7 5. O-O O-O 6. d4 cxd4 7. Nxd4 Nc6 8.
Nc3 e6 9. Ndb5 b6 10. Bf4 e5 11. Bxe5 Ba6 12. Bd6 Re8 13. Nc7 Bxc4 14. Nxa8
Qxa8 15. Re1 a5 16. Rc1 Qa6 17. b3 Be6 18. e4 Ng4 19. h3 Nxf2 20. Kxf2 Bd4+ 21.
Kf3 a4 22. Bf1 Qa8 23. Nb5 Ne5+ 24. Kg2 Bb2 25. Nc7 Qd8 26. Nxe8 Qxe8 27. Rc2
a3 28. Rxb2 axb2 29. Bxe5 1-0

[Event "SR 2. liga A 2015/2016"]
[Site "?"]
[Date "2016.03.12"]
[Round "10.2"]
[White "Vimmer, Michal"]
[Black "Ondercin, Martin"]
[Result "0-1"]
[WhiteElo "1994"]
[BlackElo "1945"]
[PlyCount "76"]
[EventDate "2015.??.??"]

1. d4 Nf6 2. c4 d6 3. Nc3 g6 4. e4 Bg7 5. Nf3 O-O 6. Be2 e5 7. dxe5 dxe5 8. O-O
c6 9. Bg5 Qc7 10. Qc2 Be6 11. Rad1 Nbd7 12. h3 Nb6 13. b3 Rad8 14. Be3 Nh5 15.
c5 Nc8 16. b4 a6 17. Rfe1 h6 18. a4 Kh7 19. b5 axb5 20. axb5 f5 21. bxc6 bxc6
22. Nh2 Nf6 23. f3 Nh5 24. Na4 Qf7 25. Rb1 Ng3 26. Ba6 Qa7 27. Bc4 Qf7 28. Bxe6
Qxe6 29. Red1 Na7 30. Rb7 Nb5 31. Bf2 Nd4 32. Bxd4 exd4 33. exf5 Nxf5 34. Nf1
Rf7 35. Rxf7 Qxf7 36. Nb2 Qa2 37. Qd2 Re8 38. Kf2 d3 0-1

[Event "SR 2. liga A 2015/2016"]
[Site "?"]
[Date "2016.03.12"]
[Round "10.2"]
[White "Hulla, Stanislav"]
[Black "Briestenska, Andrea"]
[Result "1/2-1/2"]
[WhiteElo "1921"]
[BlackElo "1980"]
[PlyCount "83"]
[EventDate "2015.??.??"]

1. d4 Nf6 2. Nf3 d6 3. Bf4 c6 4. c3 Qc7 5. Nbd2 Nbd7 6. e3 e5 7. dxe5 dxe5 8.
Bg3 Nh5 9. Bh4 g6 10. h3 Bg7 11. Nc4 Nhf6 12. Nd6+ Ke7 13. Nxc8+ Raxc8 14. Qc2
Rhe8 15. Be2 Kf8 16. O-O Rcd8 17. Rfd1 Nc5 18. Rxd8 Rxd8 19. Rd1 Rxd1+ 20. Qxd1
b5 21. Bg3 Nfe4 22. Bh2 f6 23. Nd2 Qd7 24. Nxe4 Qxd1+ 25. Bxd1 Nxe4 26. Bf3 f5
27. Bxe4 fxe4 28. Kf1 Ke7 29. Ke2 Kd6 30. Kd2 Kd5 31. b3 c5 32. Bg3 Bf6 33. Kc2
a5 34. Kd2 c4 35. Kc2 Kc5 36. a4 b4 37. Kb2 g5 38. Kc2 h5 39. Kb2 bxc3+ 40.
Kxc3 cxb3 41. Kxb3 Kd5 42. f3 1/2-1/2

[Event "SR 2. liga A 2015/2016"]
[Site "?"]
[Date "2016.03.12"]
[Round "10.2"]
[White "Kostolansky, Sebastian Lukas"]
[Black "Badura, Peter"]
[Result "1/2-1/2"]
[WhiteElo "1938"]
[BlackElo "1900"]
[PlyCount "125"]
[EventDate "2015.??.??"]

1. e4 c5 2. Nf3 d6 3. Bb5+ Bd7 4. Bxd7+ Qxd7 5. O-O Nc6 6. c3 e6 7. d4 cxd4 8.
cxd4 Nge7 9. d5 Ne5 10. Nc3 Nxf3+ 11. Qxf3 e5 12. a4 Ng6 13. Be3 Be7 14. Rfc1
Bd8 15. b4 O-O 16. g4 Nh4 17. Qg3 h5 18. h3 Kh7 19. Kh2 hxg4 20. hxg4 Rh8 21.
f3 g6 22. Kg1 f5 23. Bf2 fxg4 24. Qxg4 Qxg4+ 25. fxg4 a6 26. Bxh4 Bxh4 27. Ne2
Rhc8 28. Rxc8 Rxc8 29. Rc1 Rxc1+ 30. Nxc1 Kg7 31. Kf1 Kf6 32. Ke2 Ke7 33. Nb3
Kd7 34. Kd3 Kc7 35. Kc4 Bg5 36. Na1 Bf4 37. Nc2 Bd2 38. Kd3 Bg5 39. Ne1 Bf4 40.
Nf3 g5 41. Ne1 b5 42. axb5 axb5 43. Nc2 Bc1 44. Na1 Bf4 45. Nb3 Bg3 46. Na5 Bf2
47. Nc6 Kd7 48. Ke2 Bb6 49. Kd3 Bf2 50. Kd2 Bb6 51. Ke2 Bg1 52. Na5 Kc7 53. Nb3
Bh2 54. Nd2 Bf4 55. Nb3 Bh2 56. Kf2 Bf4 57. Na5 Bd2 58. Nc6 Kd7 59. Ke2 Bc3 60.
Kd1 Ke8 61. Kc2 Be1 62. Kb3 Bf2 63. Nb8 1/2-1/2

[Event "SR 2. liga A 2015/2016"]
[Site "?"]
[Date "2016.03.12"]
[Round "10.3"]
[White "Balogh, Peter"]
[Black "Lanc, Alois"]
[Result "0-1"]
[WhiteElo "2158"]
[BlackElo "2329"]
[PlyCount "108"]
[EventDate "2015.??.??"]

1. e4 c5 2. Nf3 d6 3. d4 cxd4 4. Nxd4 Nf6 5. Nc3 Nc6 6. Bg5 e6 7. Qd2 h6 8.
Bxf6 gxf6 9. O-O-O a6 10. Kb1 Bd7 11. f4 Qb6 12. Nb3 O-O-O 13. Be2 Qf2 14. Bh5
Qxd2 15. Rxd2 Rh7 16. Rhd1 Kc7 17. Rd3 Bc8 18. a4 b6 19. Nd4 Nb4 20. R3d2 d5
21. Nde2 Bc5 22. Na2 Nxa2 23. Kxa2 Rg8 24. exd5 Rxg2 25. d6+ Kd7 26. Bf3 Rf2
27. Rd3 Rg7 28. Ng3 f5 29. a5 Rxc2 30. Nh5 Rg6 31. axb6 Bxb6 32. Rb3 Bd8 33.
Rc3 Rxc3 34. bxc3 Bb6 35. c4 Bc5 36. Kb3 f6 37. Ng3 Rg7 38. Ka4 Kd8 39. Nh5 Rd7
40. Nxf6 Rxd6 41. Ka5 Rxd1 42. Bxd1 Be3 43. Nh5 Kc7 44. Kb4 Kd6 45. Bf3 Bd2+
46. Kb3 Kc5 47. Kc2 Be3 48. Kd3 Bg1 49. h3 a5 50. Bd1 Ba6 51. Bb3 Kb4 52. Ba2
a4 53. Ng7 Ka3 54. Nxe6 Kxa2 0-1

[Event "SR 2. liga A 2015/2016"]
[Site "?"]
[Date "2016.03.12"]
[Round "10.3"]
[White "Kavon, Rastislav"]
[Black "Takacs, Laszlo"]
[Result "1-0"]
[WhiteElo "2203"]
[BlackElo "2192"]
[PlyCount "97"]
[EventDate "2015.??.??"]

1. e4 e6 2. d4 d5 3. Nc3 Nf6 4. Bg5 dxe4 5. Nxe4 Be7 6. Bxf6 gxf6 7. g3 f5 8.
Nc3 Bf6 9. Nf3 c5 10. dxc5 Qa5 11. Qd2 Qxc5 12. Bg2 Bd7 13. O-O Bc6 14. Rad1
Nd7 15. Rfe1 O-O-O 16. Qe3 Qxe3 17. Rxe3 Nb6 18. Ne5 Rxd1+ 19. Nxd1 Bxg2 20.
Kxg2 Rd8 21. Nc3 Bxe5 22. Rxe5 Kd7 23. Re2 Kc6 24. b3 Nd5 25. Nxd5 Rxd5 26. Kf3
b5 27. Kf4 h6 28. c3 Kd6 29. Ke3 Kc5 30. Rd2 Rxd2 31. Kxd2 e5 32. Ke3 Kd5 33.
Kd3 Kc5 34. a3 a6 35. Ke2 Kd5 36. Ke3 Kc5 37. h3 h5 38. f3 Kd5 39. h4 a5 40. g4
fxg4 41. fxg4 hxg4 42. h5 Ke6 43. h6 Kf6 44. c4 a4 45. bxa4 bxa4 46. c5 g3 47.
c6 g2 48. Kf2 g1=Q+ 49. Kxg1 1-0

[Event "SR 2. liga A 2015/2016"]
[Site "?"]
[Date "2016.03.12"]
[Round "10.3"]
[White "Cibulka, Vladimir"]
[Black "Bango, Lukas"]
[Result "1/2-1/2"]
[WhiteElo "2147"]
[BlackElo "2031"]
[PlyCount "99"]
[EventDate "2015.??.??"]

1. d4 Nf6 2. Nf3 e6 3. Bg5 h6 4. Bh4 b6 5. e3 Bb7 6. Nbd2 Be7 7. Bd3 d5 8. Ne5
O-O 9. O-O c5 10. c3 Nbd7 11. f4 Ne4 12. Bxe7 Qxe7 13. Ndf3 Nxe5 14. Nxe5 Rfc8
15. Qh5 a5 16. Rf3 Nf6 17. Qh4 Ba6 18. Bc2 Rc7 19. Re1 b5 20. dxc5 b4 21. cxb4
axb4 22. c6 Bb5 23. Bb1 Bxc6 24. Rf2 Bb5 25. Rd2 Rac8 26. Rd4 Rc1 27. Red1
Rxd1+ 28. Rxd1 Qa7 29. Qe1 Nd7 30. Nxd7 Bxd7 31. Qd2 Rc4 32. Rc1 g6 33. Kf2
Rxf4+ 34. Ke1 Bb5 35. Bd3 Bxd3 36. Qxd3 Re4 37. Kf2 Qxa2 38. Rc8+ Kg7 39. Rc2
Qa7 40. Kf3 g5 41. g4 Qa1 42. Qe2 Qh1+ 43. Qg2 Qxg2+ 44. Rxg2 Rc4 45. Rd2 Kf6
46. h3 Ke5 47. Ke2 d4 48. Kd3 dxe3 49. Kxe3 Rf4 50. Rd7 1/2-1/2

[Event "SR 2. liga A 2015/2016"]
[Site "?"]
[Date "2016.03.12"]
[Round "10.3"]
[White "Kozinka, Roman"]
[Black "Kalmar, Tamas"]
[Result "1-0"]
[WhiteElo "1976"]
[BlackElo "2044"]
[PlyCount "53"]
[EventDate "2015.??.??"]

1. e4 c6 2. d4 d5 3. Nc3 g6 4. h3 dxe4 5. Nxe4 Bg7 6. Nf3 Nf6 7. Nxf6+ exf6 8.
Bc4 O-O 9. O-O Nd7 10. Re1 Nb6 11. Bb3 Nd5 12. c4 Nc7 13. d5 cxd5 14. cxd5 Qd6
15. Nd2 Bf5 16. g4 Bd3 17. Qf3 Bb5 18. Ne4 Qd8 19. Bf4 Rc8 20. Nd6 Ra8 21. Nxb7
Qd7 22. Nc5 Qd8 23. d6 Na6 24. Nb7 Qb6 25. Bd5 Nb4 26. Be3 Qa6 27. Nc5 1-0

[Event "SR 2. liga A 2015/2016"]
[Site "?"]
[Date "2016.03.12"]
[Round "10.3"]
[White "Veselsky, Jozef"]
[Black "Capanda, Jan"]
[Result "1/2-1/2"]
[WhiteElo "2113"]
[BlackElo "1834"]
[PlyCount "106"]
[EventDate "2015.??.??"]

1. d4 f5 2. g3 b6 3. Bg2 Nc6 4. Nf3 Bb7 5. d5 Nb4 6. c4 Nf6 7. Nc3 g6 8. O-O
Bg7 9. Bf4 O-O 10. a3 Na6 11. Rc1 Re8 12. Nd4 Qc8 13. b4 e5 14. dxe6 dxe6 15.
Nc6 Nd7 16. Rc2 Nab8 17. b5 Nc5 18. Bg5 Nxc6 19. bxc6 Ba6 20. Nb5 Bxb5 21. cxb5
a6 22. Be3 axb5 23. Bxc5 bxc5 24. Rxc5 Rxa3 25. Rxb5 Rd8 26. Qc1 Qa6 27. Qc4
Kf7 28. Rfb1 Ra4 29. Qc1 Rad4 30. Rb7 Qxe2 31. Rxc7+ Kg8 32. Rd7 R4xd7 33. cxd7
Bd4 34. Kh1 Qxf2 35. Qc7 Bf6 36. h3 Qd4 37. Rb8 Rxb8 38. Qxb8+ Kg7 39. Qc7 Be7
40. Kh2 e5 41. d8=Q Qxd8 42. Qxe5+ Bf6 43. Qe6 Qd2 44. Qc8 Be5 45. Qe6 Bd6 46.
Qd5 Qb4 47. Qb7+ Qxb7 48. Bxb7 Kf6 49. Kg2 h5 50. Kf3 g5 51. Bc8 g4+ 52. hxg4
hxg4+ 53. Kg2 Kg5 1/2-1/2

[Event "SR 2. liga A 2015/2016"]
[Site "?"]
[Date "2016.03.12"]
[Round "10.3"]
[White "Mackovic, Miroslav"]
[Black "Vegh, Vince"]
[Result "0-1"]
[WhiteElo "1864"]
[BlackElo "1955"]
[PlyCount "62"]
[EventDate "2015.??.??"]

1. e4 c5 2. Nf3 Nc6 3. d4 cxd4 4. Nxd4 e5 5. Nb5 d6 6. c4 a6 7. N5c3 Nf6 8. Bg5
Be7 9. Bxf6 Bxf6 10. Nd5 Bg5 11. Nbc3 O-O 12. h4 Bh6 13. g4 Bf4 14. Nxf4 exf4
15. f3 Be6 16. b3 Re8 17. Be2 Qb6 18. Qd2 Qb4 19. Rc1 a5 20. Kf1 a4 21. Qxf4
axb3 22. axb3 Nd4 23. Nb5 Nxe2 24. Kxe2 Qxb3 25. Kf2 Red8 26. Nxd6 Ra2+ 27. Kg3
Qb2 28. Rcg1 h5 29. e5 Qf2+ 30. Kh3 hxg4+ 31. Rxg4 Qg2# 0-1

[Event "SR 2. liga A 2015/2016"]
[Site "?"]
[Date "2016.03.12"]
[Round "10.3"]
[White "Darazs, Zoltan"]
[Black "Gajarsky, Julius"]
[Result "1-0"]
[WhiteElo "2164"]
[BlackElo "1799"]
[PlyCount "63"]
[EventDate "2015.??.??"]

1. e4 g6 2. d4 Bg7 3. Nc3 d6 4. f4 e6 5. Nf3 Nd7 6. Bd3 c5 7. Nb5 Nb6 8. dxc5
dxc5 9. e5 Bf8 10. c4 a6 11. Nc3 Ne7 12. Ne4 Ng8 13. Be3 Qc7 14. Qe2 Be7 15.
Qf2 Nd7 16. O-O-O b6 17. Bc2 Nh6 18. h3 Nf5 19. Bd2 Bb7 20. g4 Ng7 21. Bc3 Bxe4
22. Bxe4 O-O-O 23. Qc2 Nb8 24. f5 gxf5 25. gxf5 Rxd1+ 26. Rxd1 exf5 27. Bd5 Rf8
28. Rg1 Ne6 29. Qxf5 Qd8 30. Rd1 Nd7 31. Bc6 h6 32. Qe4 1-0

[Event "SR 2. liga A 2015/2016"]
[Site "?"]
[Date "2016.03.12"]
[Round "10.3"]
[White "Dobis, Pavol"]
[Black "Marosi, Csaba"]
[Result "0-1"]
[WhiteElo "1630"]
[BlackElo "2011"]
[PlyCount "50"]
[EventDate "2015.??.??"]

1. d4 e6 2. e3 c5 3. Nf3 a6 4. c4 cxd4 5. Nxd4 b6 6. Bd3 Bb7 7. O-O Qc7 8. Nf3
d6 9. Nbd2 Nf6 10. h3 Nbd7 11. b3 Be7 12. Bb2 O-O 13. Rc1 Rac8 14. Qc2 h6 15.
a3 Qb8 16. Qd1 Qa8 17. Be2 Rfd8 18. Rc2 Nc5 19. Kh1 Nce4 20. Qe1 b5 21. Rg1 d5
22. Nxe4 Nxe4 23. Nd4 dxc4 24. bxc4 Bh4 25. Nf3 Bxf2 0-1

[Event "SR 2. liga A 2015/2016"]
[Site "?"]
[Date "2016.03.12"]
[Round "10.4"]
[White "Cech, Dominik"]
[Black "Sosna, Jan"]
[Result "0-1"]
[WhiteElo "2150"]
[BlackElo "2348"]
[PlyCount "84"]
[EventDate "2015.??.??"]

1. e4 e5 2. Nf3 Nc6 3. Bb5 Nf6 4. Qe2 Bc5 5. c3 O-O 6. d3 d6 7. h3 Ne7 8. Nbd2
Ng6 9. Nf1 c6 10. Ba4 Re8 11. g4 d5 12. Bc2 a5 13. Bd2 Qb6 14. O-O-O Bxf2 15.
Ne3 Bg3 16. Nf5 Bf4 17. Kb1 Bxd2 18. Qxd2 Be6 19. Qg5 Rad8 20. Rdg1 dxe4 21.
dxe4 Qf2 22. Rf1 Bxa2+ 23. Kc1 Qc5 24. Nxg7 Kxg7 25. Nh4 Re6 26. Nf5+ Kh8 27.
h4 Qf8 28. h5 Nf4 29. Rxf4 exf4 30. Nd4 Rxd4 31. cxd4 Qg7 32. Qxa5 Bc4 33. g5
Ng8 34. Qc3 Bb5 35. h6 Qxg5 36. d5+ Re5 37. d6 Nf6 38. Qd4 Nd7 39. Qa7 f3+ 40.
Kb1 Ba6 41. Rg1 Qxh6 42. Rg3 Rg5 0-1

[Event "SR 2. liga A 2015/2016"]
[Site "?"]
[Date "2016.03.12"]
[Round "10.4"]
[White "Kapusta, Petr"]
[Black "Bednar, Jan"]
[Result "1-0"]
[WhiteElo "2157"]
[BlackElo "2087"]
[PlyCount "51"]
[EventDate "2015.??.??"]

1. e4 c5 2. Nf3 d6 3. d4 cxd4 4. Nxd4 Nf6 5. Nc3 g6 6. Bc4 Bg7 7. O-O O-O 8.
Re1 Nc6 9. h3 a6 10. Nxc6 bxc6 11. e5 dxe5 12. Qxd8 Rxd8 13. Rxe5 Nd5 14. Nxd5
Bxe5 15. Nxe7+ Kf8 16. Bg5 Bb7 17. Re1 Bg7 18. Nxg6+ fxg6 19. Be7+ Ke8 20. Bc5+
Kd7 21. Re7+ Kc8 22. Rxg7 Rh8 23. Bd6 Ra7 24. Be6+ Kd8 25. Bc5 Bc8 26. Bb6+ 1-0